History Quiz

Random History or City Quiz

Cities of the Oregon Territory Quiz Stats

 Plays Quiz Updated Mar 12, 2015

Challenge
Share
Tweet
Embed
Score 0/26 Timer 07:00
0 Plays Today
Rank City % Correct
2Portland
96.9%
1Seattle
93.2%
8Salem
78.5%
4Boise
75.4%
7Eugene
72.1%
5Tacoma
70.4%
3Spokane
68.4%
6Vancouver
58.8%
21Bend
35.5%
9Bellevue
29.3%
20Bellingham
28.9%
14Yakima
28.3%
23Medford
27.3%
Rank City % Correct
11Everett
26.8%
16Beaverton
26%
19Nampa
20.9%
10Gresham
20.3%
26Missoula
19.7%
12Kent
18.4%
13Hillsboro
17.3%
15Renton
14.5%
24Kennewick
14.3%
18Federal Way
13.6%
22Meridian
10.8%
25Auburn
9.4%
17Spokane Valley
9.3%

You're not logged in!

Compare scores with friends on all Sporcle quizzes.
Join for Free
OR
Log In

You Might Also Like...

Show Comments

Extras

Top Quizzes Today


Score Distribution

Your Account Isn't Verified!

In order to create a playlist on Sporcle, you need to verify the email address you used during registration. Go to your Sporcle Settings to finish the process.

Report this User

Report this user for behavior that violates our Community Guidelines.

Details: